00927nam a2200253 ia450000500170000000800410001702000380005804000250009608200170012110000270013824501140016526400680027930000530034733600210040033700250042133800230044649000350046965000320050465000190053665000310055570000250058670000270061183000350063820260425125436.0260425s2025 my ao dr 000 f may d a9786297687827cRM12.00qpaperback aPPAKbengcPPAKerda04a899.23332230 aNana Syazana,eauthor.10aDIARI BELAJAR LUAR NEGARA :bSPRING EDITION /cNANA SYAZANA, SHASYA ALI ; Suntingan & Susun Atur Mazlia Murat 1aBandar Baru Nilai, Negeri Sembilan :bBLINK BOOK SDN BHD,c2025 a127 pages :billustrations, photographs ;c19 cm atext2rdacontent aunmediated2rdamedia avolume2rdacarrier1 aSiri Diari Belajar Luar Negara10aYoung adult fiction, Malay.20aMalay fiction.24aMalaysian fiction (Malay).0 aShasya Ali,eauthor.0 aMazlia Murat,eeditor. 0aSiri diari belajar luar negara